[Event "62nd ch-RUS HL w"]
[Site "Tyumen RUS"]
[Date "2012.06.26"]
[Round "10"]
[White "Ubiennykh,E"]
[Black "Timofeeva,Ekaterina"]
[Result "0-1"]
[WhiteElo "2336"]
[BlackElo "2273"]
[EventDate "2012.06.16"]

1. e4 c5 2. Nc3 e6 3. g3 Nc6 4. Bg2 g6 5. d3 Bg7 6. Be3 d6 7. Nge2 Nge7 8.
d4 cxd4 9. Nxd4 a6 10. a4 Na5 11. Qe2 Qc7 12. Rd1 O-O 13. h4 h5 14. O-O Bd7
15. e5 dxe5 16. Nb3 Nxb3 17. cxb3 Bc6 18. Ne4 Nf5 19. Bg5 f6 20. Be3 Bd5
21. Rc1 Qf7 22. Bb6 Rac8 23. Qd3 Bh6 24. Rc5 Rxc5 25. Nxc5 Rc8 26. Rd1 Rc6
27. a5 Nd4 28. f4 Bxg2 29. Kxg2 Bf8 30. Ne4 Nf5 31. Qd8 exf4 32. Nxf6+ Kg7
33. Ne8+ Kh7 34. Nf6+ Kg7 35. Bd4 Nxd4 36. Ne8+ Kh7 37. Rxd4 Rc2+ 38. Kg1
Rc1+ 39. Kg2 Rc2+ 40. Kh1 fxg3 41. Nf6+ Kh6 42. b4 Rf2 43. Ng8+ Qxg8 44.
Rd7 Rf7 45. Qg5+ Kh7 46. Rd8 Rf1+ 47. Kg2 Qf7 0-1

[Event "62nd ch-RUS HL w"]
[Site "Tyumen RUS"]
[Date "2012.06.26"]
[Round "10"]
[White "Girya,O"]
[Black "Bodnaruk,A"]
[Result "1/2-1/2"]
[WhiteElo "2414"]
[BlackElo "2394"]
[EventDate "2012.06.16"]

1. d4 Nf6 2. Bg5 e6 3. Nd2 h6 4. Bh4 c5 5. e4 g5 6. Bg3 cxd4 7. e5 Nd5 8.
h4 gxh4 9. Rxh4 Nc6 10. Ngf3 Rg8 11. Rh3 d6 12. Bb5 Bd7 13. exd6 e5 14.
Bxc6 bxc6 15. Nxe5 Bxh3 16. Qh5 Rg7 17. Nxc6 Qd7 18. Qxd5 Be6 19. Qf3 Rc8
20. Nxd4 Bxd6 21. Bxd6 Qxd6 22. Qe3 Rg4 23. c3 Qd5 24. Nxe6 fxe6 25. Qxh6
Rxg2 26. O-O-O Rd8 27. Qh8+ Kf7 28. Qh7+ Rg7 29. Qh4 Rg5 30. Qh7+ Rg7 31.
Qh4 Rg5 32. Qh7+ 1/2-1/2

[Event "62nd ch-RUS HL w"]
[Site "Tyumen RUS"]
[Date "2012.06.26"]
[Round "10"]
[White "Zaiatz,E"]
[Black "Severiukhina,Z"]
[Result "1/2-1/2"]
[WhiteElo "2446"]
[BlackElo "2337"]
[EventDate "2012.06.16"]

1. d4 Nf6 2. c4 g6 3. Nc3 Bg7 4. e4 d6 5. Be2 O-O 6. Bg5 h6 7. Be3 c5 8. e5
dxe5 9. dxe5 Qxd1+ 10. Rxd1 Ng4 11. Bxc5 Nxe5 12. Nd5 Nbc6 13. f4 Ng4 14.
h3 Nf6 15. Bf3 Bf5 16. Ne2 Rfd8 17. Nxe7+ Nxe7 18. Rxd8+ Rxd8 19. Bxe7 Re8
20. Bxf6 Bxf6 21. b3 Bb1 22. Kf2 Bxa2 23. Nc1 Bb1 24. Bxb7 Bd4+ 25. Kg3 Bc2
26. Bf3 Re3 27. b4 Bc3 28. b5 Be1+ 29. Kh2 Bd2 30. Ne2 Bd3 31. Rd1 Ba5 32.
Nd4 Bc7 33. c5 Bxf4+ 34. g3 Be5 35. c6 Kf8 36. Rc1 Bc7 37. Kg2 Ke7 38. Rd1
Be4 39. Bxe4 Rxe4 40. Nf5+ Ke6 41. Rd7 Bb6 42. Nxh6 Re2+ 43. Kf1 Rb2 44.
Rxf7 Rxb5 45. Rg7 Kf6 46. Rf7+ Ke6 47. Rg7 Kf6 48. Rf7+ 1/2-1/2

[Event "62nd ch-RUS HL w"]
[Site "Tyumen RUS"]
[Date "2012.06.26"]
[Round "10"]
[White "Pustovoitova,D"]
[Black "Iljushina,O"]
[Result "1-0"]
[WhiteElo "2307"]
[BlackElo "2354"]
[EventDate "2012.06.16"]

1. d4 Nf6 2. c4 e6 3. Nc3 Bb4 4. Qc2 O-O 5. a3 Bxc3+ 6. Qxc3 b6 7. Bg5 Bb7
8. f3 d5 9. e3 Nbd7 10. cxd5 exd5 11. Bd3 Re8 12. Ne2 h6 13. Bh4 c5 14. O-O
Qe7 15. Bf2 c4 16. Bc2 b5 17. Qa5 a6 18. Ng3 g6 19. Rae1 h5 20. e4 dxe4 21.
Nxe4 Qd8 22. Qd2 Bxe4 23. fxe4 Ng4 24. Bg3 Kg7 25. Bf4 Ngf6 26. Bh6+ Kg8
27. Bg5 Qb6 28. Qf2 Nh7 29. Qxf7+ Kh8 30. Be3 Qe6 31. e5 Qxf7 32. Rxf7 Nhf8
33. Bh6 a5 34. d5 b4 35. e6 bxa3 36. bxa3 c3 37. Ref1 Nxe6 38. dxe6 Nb6 39.
Bxg6 Rxe6 40. Rf8+ 1-0

[Event "62nd ch-RUS HL w"]
[Site "Tyumen RUS"]
[Date "2012.06.26"]
[Round "10"]
[White "Gubernatorova,L"]
[Black "Cheremnova,T"]
[Result "1/2-1/2"]
[WhiteElo "2243"]
[BlackElo "2245"]
[EventDate "2012.06.16"]

1. d4 d5 2. c4 e6 3. Nc3 c6 4. e4 dxe4 5. Nxe4 Bb4+ 6. Nc3 c5 7. Be3 Nf6 8.
a3 Bxc3+ 9. bxc3 Qa5 10. Nf3 cxd4 11. Bxd4 Nbd7 12. Be2 e5 13. Be3 e4 14.
Nd2 Qxc3 15. O-O O-O 16. Nb3 Qe5 17. a4 b6 18. a5 Bb7 19. a6 Bc6 20. Nd4
Rac8 21. Qd2 Rfd8 22. Bf4 Qe8 23. Nf5 Nc5 24. Bd6 Ne6 25. Qb2 Rd7 26. Ra3
Qd8 27. Qe5 Ne8 28. Bb4 Nc5 29. Rg3 f6 30. Qf4 Rcc7 31. Bc3 Nd3 32. Qh4 Ne5
33. Nh6+ Kf8 34. Bb4+ Nd6 35. Nf5 Kg8 36. Rh3 g5 37. Nh6+ Kh8 38. Qg3 Ndf7
39. Bc3 Qe8 40. Nxf7+ Qxf7 41. Bxe5 fxe5 42. Qxg5 Qe7 43. Qf5 Rd2 44. Bg4
Bd7 45. Qh5 Be8 46. Qh6 Rd6 47. Qc1 Bf7 48. Bf5 Bg8 49. Bxe4 Rxc4 50. Qb1
Rd2 51. Qe1 Rcd4 52. Re3 Bc4 53. Bd3 R2xd3 54. Rxe5 Qf6 55. Re8+ Kg7 56.
Re7+ Kg6 57. Rxa7 Ra3 58. Qe8+ Bf7 59. Qe2 Rda4 60. f4 Qf5 61. h3 Ra2 62.
Qf3 Rc4 63. Qg3+ Kh6 64. Qh4+ Kg6 65. Qg3+ Kf6 66. Qh4+ Kg7 67. Re7 Qg6 68.
Rf2 Rcc2 69. f5 Qf6 70. Qg4+ Kf8 71. Rxc2 Rxc2 72. a7 Qa1+ 73. Kh2 Kxe7 74.
Qe4+ Kd6 75. a8=Q Qxa8 76. Qxa8 Bd5 77. Qd8+ Ke5 78. Qh8+ Kd6 79. Qf6+ Kd7
80. h4 Rxg2+ 81. Kh3 b5 82. Qe5 Kc6 83. f6 Rf2 84. Qc3+ Bc4 85. Qe3 Rxf6
86. Qe4+ Bd5 87. Qxh7 b4 88. Qe7 Rf3+ 89. Kg4 b3 90. Qb4 Rf7 91. h5 Rb7 92.
Qc3+ Kd6 93. Qb2 Be4 94. h6 Bc2 95. Kf4 Rh7 96. Qd4+ Ke6 97. Kg5 Rd7 98.
Qf6+ Kd5 99. Qb6 Rh7 100. Qb4 Kc6 101. Qd2 Kc5 102. Qc3+ Kb5 103. Qb2 Kc4
104. Kh5 Kd3 105. Qe5 Kd2 106. Qd4+ Kc1 107. Qa1+ Kd2 108. Kg5 Kd3 109. Qf6
Kd2 110. Kf4 Kc1 111. Qa1+ Kd2 112. Qa5+ Kc1 113. Qa1+ Kd2 114. Kg5 Kd3
115. Qb2 Kd2 116. Qf6 Kc1 117. Qf4+ Kb1 118. Qf1+ Kb2 119. Qe1 Rd7 120.
Qe5+ 1/2-1/2

[Event "62nd ch-RUS HL w"]
[Site "Tyumen RUS"]
[Date "2012.06.27"]
[Round "11"]
[White "Shadrina,T"]
[Black "Kovanova,B"]
[Result "0-1"]
[WhiteElo "2359"]
[BlackElo "2391"]
[EventDate "2012.06.16"]

1. e4 e5 2. Nf3 Nc6 3. Bb5 a6 4. Ba4 Nf6 5. O-O Be7 6. Re1 b5 7. Bb3 d6 8.
c3 O-O 9. h3 Na5 10. Bc2 c5 11. d4 Nd7 12. Nbd2 exd4 13. cxd4 Nc6 14. Nf1
cxd4 15. Nxd4 Nxd4 16. Qxd4 Ne5 17. Qd1 Bf6 18. Rb1 Be6 19. b3 Nc6 20. Ba3
Be5 21. Qd2 Qh4 22. Bb2 Qf6 23. Bd1 Rac8 24. Ng3 g6 25. Bg4 Bxg4 26. hxg4
Qh4 27. Bxe5 dxe5 28. g5 Rfd8 29. Qe3 Nd4 30. Rec1 Qg4 31. Rxc8 Rxc8 32.
Rc1 Rxc1+ 33. Qxc1 Kg7 34. Qd2 Qf4 35. Qa5 Qxg5 36. Qxa6 Qc1+ 37. Kh2 h5
38. Qd6 Qf4 39. Kg1 h4 40. Nh1 Qxe4 41. f3 Qe1+ 42. Kh2 h3 43. Qd5 hxg2 44.
Kxg2 Ne6 0-1

[Event "62nd ch-RUS HL w"]
[Site "Tyumen RUS"]
[Date "2012.06.27"]
[Round "11"]
[White "Bodnaruk,A"]
[Black "Pogonina,N"]
[Result "1/2-1/2"]
[WhiteElo "2394"]
[BlackElo "2447"]
[EventDate "2012.06.16"]

1. e4 e5 2. Nf3 Nc6 3. Bb5 a6 4. Ba4 Nf6 5. O-O b5 6. Bb3 Bb7 7. d3 Be7 8.
a4 O-O 9. Re1 d6 10. Nbd2 Na5 11. Ba2 c5 12. Nf1 b4 13. c3 Rb8 14. cxb4
cxb4 15. Bd2 Ba8 16. Ng3 Qd7 17. d4 exd4 18. Nxd4 Rfe8 19. Ndf5 b3 20. Bxa5
bxa2 21. Bc3 Bd8 22. Nxd6 Re6 23. Ngf5 Bxe4 24. Nxe4 Rxe4 25. Qxd7 Rxe1+
26. Bxe1 Nxd7 27. Rxa2 g6 28. Ne3 Nc5 29. Kf1 Nb3 30. Bc3 f5 31. Nc4 Be7
32. Nd2 Nc1 33. Ra1 Nd3 34. Nc4 Bc5 35. f3 Bb4 36. Bd4 Rd8 37. Bb6 Rb8 38.
a5 Rc8 39. b3 Nc5 40. Bxc5 Rxc5 41. Rd1 Bxa5 42. Ra1 Bc7 43. Rxa6 Bxh2 44.
Rb6 Kg7 45. Ke2 h5 46. Kd3 1/2-1/2

[Event "62nd ch-RUS HL w"]
[Site "Tyumen RUS"]
[Date "2012.06.27"]
[Round "11"]
[White "Sukhareva,E"]
[Black "Ubiennykh,E"]
[Result "0-1"]
[WhiteElo "2236"]
[BlackElo "2336"]
[EventDate "2012.06.16"]

1. d4 Nf6 2. c4 e6 3. Nf3 Bb4+ 4. Nbd2 O-O 5. a3 Bxd2+ 6. Nxd2 b6 7. e4 d5
8. e5 Nfd7 9. Nf3 c5 10. Bd3 cxd4 11. O-O Nc6 12. Re1 h6 13. cxd5 exd5 14.
Bb1 Nc5 15. b4 Ne4 16. Nxd4 Bb7 17. Nxc6 Bxc6 18. Bb2 Qh4 19. Qd4 Rac8 20.
Ba2 Bb7 21. f3 Rc2 22. Rac1 Rfc8 23. e6 Qg5 24. exf7+ Kf8 25. Rxc2 Rxc2 26.
g4 Rd2 27. Qe5 Qxe5 28. Bxe5 Ng5 29. Bd6+ Kxf7 30. Re7+ Kf6 31. Rxb7 Nxf3+
32. Kf1 Rxa2 33. Rxa7 d4 34. Ra6 d3 35. Bf4 g5 36. Rxb6+ Kf7 37. Bg3 Nd2+
38. Ke1 Nc4 39. Rb7+ Ke6 40. Rb8 Re2+ 41. Kf1 Ne3+ 42. Kg1 d2 43. Rd8 d1=Q+
44. Rxd1 Nxd1 45. a4 Ne3 46. Bf2 Nxg4 47. Bc5 Ke5 0-1

[Event "62nd ch-RUS HL w"]
[Site "Tyumen RUS"]
[Date "2012.06.27"]
[Round "11"]
[White "Girya,O"]
[Black "Zaiatz,E"]
[Result "1-0"]
[WhiteElo "2414"]
[BlackElo "2446"]
[EventDate "2012.06.16"]

1. d4 Nf6 2. c4 e6 3. Nf3 d5 4. Nc3 dxc4 5. Bg5 Bb4 6. e4 b5 7. e5 h6 8.
Bd2 Bxc3 9. bxc3 Nd5 10. Qb1 Bd7 11. Qe4 a5 12. Qg4 Rg8 13. a4 Ne7 14. Be2
c6 15. Bc1 Na6 16. Nd2 Kf8 17. Ne4 Rh8 18. Ba3 b4 19. Bc1 c5 20. Bxc4 cxd4
21. Bxa6 Rxa6 22. Nc5 Ra8 23. cxb4 Bc6 24. b5 Qd5 25. O-O Qxc5 26. Ba3 Qxe5
27. bxc6 f5 28. Qh5 Qd5 29. Rfc1 d3 30. Rab1 d2 31. Rd1 Qxc6 32. Rxd2 Re8
33. Rc1 Qb7 34. Qg6 h5 35. Qxe6 Rh6 36. Qxf5+ Kg8 37. Qxa5 Rg6 38. g3 Re6
39. Rd8 Rxd8 40. Qxd8+ Kh7 41. Qd3+ Ng6 42. h4 Re5 43. Bc5 Qc6 44. Qc2 Qe6
45. Be3 Qg4 46. Qd1 Qb4 47. Bg5 Nf8 48. Qxh5+ Kg8 49. Qd1 Kh7 50. Qd3+ 1-0

[Event "62nd ch-RUS HL w"]
[Site "Tyumen RUS"]
[Date "2012.06.27"]
[Round "11"]
[White "Vasilevich,I"]
[Black "Pustovoitova,D"]
[Result "1-0"]
[WhiteElo "2375"]
[BlackElo "2307"]
[EventDate "2012.06.16"]

1. b3 d5 2. Bb2 c5 3. e3 Nc6 4. Bb5 Qb6 5. Bxc6+ Qxc6 6. f4 d4 7. Nf3 dxe3
8. dxe3 Bg4 9. O-O Nf6 10. Qe1 Bxf3 11. Rxf3 Ne4 12. Nd2 f6 13. f5 g6 14.
Nxe4 Qxe4 15. Qe2 gxf5 16. Rf4 Qc6 17. Qh5+ Kd8 18. Rxf5 b6 19. Rd1+ Kc8
20. Rfd5 Kb7 21. Rd7+ Ka6 22. Qe2+ c4 23. bxc4 e5 24. c5+ Qb5 25. c4 Qb4
26. R1d3 Bxc5 27. Ra3+ Qxa3 28. Bxa3 Bxa3 29. Qc2 Ka5 30. Qb3 1-0

[Event "62nd ch-RUS HL w"]
[Site "Tyumen RUS"]
[Date "2012.06.27"]
[Round "11"]
[White "Schepetkova,M"]
[Black "Kovalevskaya,E"]
[Result "1/2-1/2"]
[WhiteElo "2181"]
[BlackElo "2417"]
[EventDate "2012.06.16"]

1. d4 d5 2. c4 e6 3. Nc3 c5 4. cxd5 exd5 5. Nf3 Nc6 6. g3 c4 7. Bg2 Bb4 8.
O-O Nge7 9. Bd2 O-O 10. b3 Bg4 11. bxc4 dxc4 12. e3 Bxc3 13. Bxc3 b5 14.
Qb1 Nd5 15. Rc1 b4 16. Be1 c3 17. a3 a5 18. axb4 axb4 19. Rxa8 Qxa8 20. Ng5
Nf6 21. d5 Ne5 22. f4 Nc4 23. Qxb4 Nxe3 24. Bxc3 Nfxd5 25. Qd4 f6 26. Be4
Nxc3 27. Qxc3 Qa7 28. Nf3 Rc8 29. Ra1 Rxc3 30. Rxa7 Rc1+ 31. Kf2 Nd1+ 32.
Kg2 Ne3+ 33. Kf2 Nd1+ 34. Kg2 Ne3+ 35. Kf2 Nd1+ 36. Kg2 Ne3+ 37. Kf2
1/2-1/2

[Event "62nd ch-RUS HL w"]
[Site "Tyumen RUS"]
[Date "2012.06.27"]
[Round "11"]
[White "Romanko,M"]
[Black "Kabanova,E"]
[Result "1-0"]
[WhiteElo "2420"]
[BlackElo "2164"]
[EventDate "2012.06.16"]

1. d4 Nf6 2. c4 g6 3. Nf3 Bg7 4. g3 O-O 5. Bg2 d6 6. O-O c6 7. Nc3 Qb6 8.
b3 e5 9. dxe5 dxe5 10. Bb2 Qc7 11. e4 Bg4 12. h3 Rd8 13. Qc2 Bxf3 14. Bxf3
Nbd7 15. Ne2 Nc5 16. Bg2 Rd7 17. Bc3 Rad8 18. b4 Ne6 19. c5 b6 20. cxb6
axb6 21. a4 c5 22. Qb2 Nd4 23. bxc5 bxc5 24. Rfb1 Ne8 25. a5 Nd6 26. a6 Qa7
27. Qa2 Ra8 28. Be1 Rc7 29. Nxd4 cxd4 30. Qd5 Rd7 31. Bf1 Nc8 32. Qb3 Nd6
33. Bd3 Rdd8 34. Ba5 Rdc8 35. Qd5 Qc5 36. Qxc5 Rxc5 37. Bb4 Rc6 38. Bxd6
Rxd6 39. a7 Rdd8 40. Bc4 Bf8 41. Bd5 Rxd5 42. exd5 Bd6 43. Ra6 e4 44. Rxd6
Rxa7 45. Rc6 Ra5 46. d6 Rd5 47. Kf1 Kg7 48. Ke2 g5 49. Rcb6 f5 50. R1b5 1-0

[Event "62nd ch-RUS HL w"]
[Site "Tyumen RUS"]
[Date "2012.06.27"]
[Round "11"]
[White "Iljushina,O"]
[Black "Gubernatorova,L"]
[Result "0-1"]
[WhiteElo "2354"]
[BlackElo "2243"]
[EventDate "2012.06.16"]

1. d4 Nf6 2. Nf3 c5 3. d5 e6 4. c4 exd5 5. cxd5 d6 6. Nc3 g6 7. e4 Bg7 8.
Be2 O-O 9. Nd2 a6 10. a4 Re8 11. O-O Nbd7 12. f4 Qc7 13. Qc2 Rb8 14. Kh1 c4
15. Bxc4 Nc5 16. Ra3 Ng4 17. Nd1 Nxe4 18. Nxe4 Bf5 19. Re1 Rbc8 20. b3 Qe7
21. Qe2 Qh4 22. g3 Bxe4+ 23. Kg1 Bd4+ 24. Be3 Nxe3 25. gxh4 Nxc4+ 26. Kf1
Nxa3 27. Qd2 Nc2 28. Re2 Bf5 29. Nf2 Ne3+ 30. Kg1 Rc2 31. Qe1 Rxe2 32. Qxe2
Rc8 33. h3 Rc1+ 34. Kh2 Rc2 35. Qe1 Nf1+ 36. Kh1 Rxf2 0-1